000 00362nam a2200133Ia 4500
008 230917s9999||||xx |||||||||||||| ||und||
040 _e92584
_aMAIN
041 _aEnglish
082 _a617.7 R137R
100 _aRajeev Kumar
245 0 _aRelation ship of primary open angle glaucoma and senile cataract with diabetes mellitus
300 _a91 p.
942 _cTH
999 _c48892
_d48892